| 000 | 00894nam a22002537a 4500 | ||
|---|---|---|---|
| 005 | 20250725155319.0 | ||
| 008 | 250725b |||||||| |||| 00| 0 eng d | ||
| 020 | _a978-964-7531-69-6 (hbk) | ||
| 020 | _a978-964-7531-67-2 (Vol. 1) | ||
| 020 | _a978-964-7531-68-9 (Vol. 2) | ||
| 037 | _cREF | ||
| 040 |
_aAL _cAL |
||
| 041 |
_2PER _aPER |
||
| 084 |
_aO164,6x P7.1-.2 _bAL |
||
| 100 |
_aAaldaud, Sayed Ali _9816578 |
||
| 245 | _aTaaj al-qasas | ||
| 260 |
_aTehran, Iran: _bFarhangistan zuban-o-adab Farsi, _c2007 |
||
| 300 |
_a446p. (Vol.1) _a447-1031p. (Vol.2) |
||
| 365 |
_b2500.00 _cINR |
||
| 650 | _aPersian Literature | ||
| 650 |
_aPersian Prose _9997 |
||
| 942 |
_2CC _cTB _hO164,6x P7.1-.2 _n0 |
||
| 999 |
_c1434315 _d1434315 |
||